000 00658nam a2200205 i 4500
001 22545
003 ES-MaACL
005 20250728085521.0
007 t|
008 021203s1984 sp ||||1| spa d
100 1 _aAlonso Gregorio-Espino, Julio.
_920337
245 1 0 _aNotas genealógicas viguesas /
_cpor Julio Alonso Gregorio-Espino ; prólogo: José Filgueira Valverde.
260 _a[Madrid :
_bs.n.,
_c1984] (
_fGráf. Mar-Car)
300 _a1 v. ;
_c24 cm.
505 8 _aContiene: V. I.
651 4 _aVigo-
_xGenealogía.
_9165297
700 1 _aFilgueira Valverde, José,
_d1906-1996
_950833
852 _aES-MaACL
_jP-430
999 _c22545
_d22545